|
|
|
|
| LEADER |
01591nam a2200301 u 4500 |
| 001 |
10076132 |
| 003 |
upatras |
| 005 |
20210604141443.0 |
| 008 |
090826s2009 gr gre |
| 020 |
|
|
|a 9789608938991
|
| 040 |
|
|
|a GR-PaULI
|c GR-PaULI
|
| 041 |
0 |
|
|a gre
|
| 082 |
0 |
4 |
|a 304.849 5
|
| 100 |
1 |
|
|a Ζωγραφάκης, Σταύρος
|9 76308
|
| 245 |
1 |
0 |
|a Τα βήματα των μεταναστών στην ελληνική οικονομία
|c Σταύρος Ζωγραφάκης, Αντώνης Κόντης και Θεόδωρος Μητράκος; επιμέλεια Καίτη Προκοπάκη
|
| 260 |
|
|
|a Αθήνα
|b ΙΜΕΠΟ
|c 2009
|
| 300 |
|
|
|a 244 σ.
|b πίν.
|c 24 εκ.
|
| 504 |
|
|
|a Περιλαμβάνει βιβλιογραφία
|
| 650 |
|
4 |
|a Μετανάστες
|z Ελλάδα
|9 11071
|
| 650 |
|
4 |
|a Αποδημία και εποίκηση
|9 3970
|
| 700 |
1 |
|
|a Προκοπάκη, Καίτη
|9 76309
|
| 700 |
1 |
|
|9 39351
|a Μητράκος, Θεόδωρος Μ.
|
| 852 |
|
|
|a GR-PaULI
|b ΠΑΤΡΑ
|b ΒΚΠ
|b ΒΣ1
|k ΑΣΧΕ
|h 304.849 5 ΖΩΓ
|m 097786
|p 025000163932
|t 1
|
| 942 |
|
|
|2 ddc
|c BK15
|
| 952 |
|
|
|0 0
|1 0
|4 0
|6 304_849000000000000_5_ΖΩΓ
|7 0
|9 77697
|a LISP
|b LISP
|c BSC
|d 2016-04-24
|i 097786
|l 2
|m 1
|o 304.849 5 ΖΩΓ
|p 025000163932
|r 2019-11-13 00:00:00
|s 2019-11-08
|t 1
|w 2016-04-24
|y BK15
|
| 952 |
|
|
|0 0
|1 0
|2 ddc
|4 0
|6 304_000000000000000_8495ΖΩΓ
|7 0
|9 321722
|a MSLG
|b MSLG
|c EUD
|d 2021-01-23
|e 24
|f 1
|g 0.00
|l 0
|o 304.8495ΖΩΓ
|p 2420000026961
|r 2021-01-23 00:00:00
|t 1
|w 2021-01-23
|y BK15
|x 20140403 0 Κ.Γ. 1
|x GrPaTEI
|
| 998 |
|
|
|c ΒΑΣΙΛΕΙΟΥ
|d 2009-08
|
| 999 |
|
|
|c 51991
|d 51991
|